000
00285nam a2200097Ia 4500
001
647652
005
20250826153706.0
008
250824s9999 xx 000 0 und d
245
0
_a
SEÇME HİKAYELER ÇEHOV ANTİK OKUL KLASİKLERİ
_c
ANTON ÇEHOV
260
_b
ANTİK DÜNYA KLASİKLERİ
999
_c
647652
_d
647652